1705 1928 1705 1333 1136 1208 1961 1753 1135 1195 1190 1790 1455 1173 1829 1239 1360 1587 1431 1220 1930 1842 1165 1740 1216 1385 1481 1771 1722 1942 1566 1084 1348 1990 1591 1346 1639 1412 1783 1105 1086 1406 1666 1503 1121 1939 1626 1613 1695 1754 1813 1807 1288 1256 1370 1069 1852 1024 1652 1906 1972 1461 1867 1571 1676 1847 1424 1941 1873 1783 1559 1700 1327 1929 1251 1753 1677 1820 1287 1104 1716 1452 1605 1853 1590 1720 1488 1559 1143 1795 1321 1617 1762 1542 1829 1011 1596 1685 1857 BCNSPRNW ULIB Ver.6.0+V

เปลี่ยนเป็นภาษาไทย

Change to English
 แสดงรายละเอียดบรรณานุกรม
  กลับหน้าหลัก

Brief Record : Get Marc (ISO 2709) : E-mail record : QR code < ปิดหน้าต่าง
LEADER : 00000nas 2200000uu 4500
001    13399122386
003     ULIB
008    020711s|||| th a 000 0 tha d
022    08572127
110    โรงพยาบาลสวนปรุง
245    วารสารสวนปรุง.(วิทยาเขตนครสวรรค์) /^cโรงพยาบาลสวนปรุง
260    เชียงใหม่ :^bโรงพยาบาลสวนปรุง,^cม.ป.ป.
310    ^aรายสี่เดือน
850 ^a ULIB:campus^bปีที่ 28 ฉบับที่ 1 ;ปีที่ 28 ฉบับที่ 2 ;ปีที่ 28 ฉบับที่ 3 ;ปีที่ 29 ฉบับที่ 1 ;ปีที่ 29 ฉบับที่ 2 ;ปีที่ 30 ฉบับที่ 1 c.1 ;ปีที่ 31 ฉบับที่ 1 ฉ.1 ;ปีที่ 31 ฉบับที่ 2 ฉ.1
945    ^p0^l0^i800431
945    ^p0^l0^i800616
945    ^p0^l0^i800706
945    ^p0^l0^i800707
945    ^p0^l0^i800745
945    ^p0^l0^i800948
945    ^p0^l0^i801266
945    ^p0^l0^i801450
999    ^aทศพร เกษรทอง
รายการนี้ยังไม่มีแท็ก
คุณยังไม่ได้ล็อกอิน คุณสามารถมีกิจกรรมร่วมกับเว็บไซต์ได้ แต่ต้องล็อกอินก่อน ::
  ล็อกอิน

รายการสื่อสารสนเทศ (วารสาร)

ดูแบบ: กล่อง รายการ
ARRIVED
ปีที่ 28 ฉบับที่ 1
สถานที่: ห้องสมุดวิทยาเขตสวรรค์ประชารักษ์ >วารสาร
ARRIVED
ปีที่ 28 ฉบับที่ 2
สถานที่: ห้องสมุดวิทยาเขตนครสวรรค์ >วารสาร
ARRIVED
ปีที่ 28 ฉบับที่ 3
สถานที่: ห้องสมุดวิทยาเขตนครสวรรค์ >วารสาร
ARRIVED
ปีที่ 29 ฉบับที่ 1
สถานที่: ห้องสมุดวิทยาเขตนครสวรรค์ >วารสาร
ARRIVED
ปีที่ 30 ฉบับที่ 1 c.1
สถานที่: ห้องสมุดวิทยาเขตนครสวรรค์ >วารสาร
ARRIVED
ปีที่ 29 ฉบับที่ 2
สถานที่: ห้องสมุดวิทยาเขตนครสวรรค์ >วารสาร
ARRIVED
ปีที่ 31 ฉบับที่ 1 ฉ.1
สถานที่: ห้องสมุดวิทยาเขตนครสวรรค์ >วารสาร
ARRIVED
ปีที่ 31 ฉบับที่ 2 ฉ.1
สถานที่: ห้องสมุดวิทยาเขตนครสวรรค์ >วารสาร

BibComment


ยังไม่เคยถูกคอมเมนท์

คอมเมนท์ทรัพยากรรายการนี้
  คอมเมนท์: วารสารสวนปรุงวิทย..


 Copyright 2026. Bcnsprnw @Library